000 00513nam a2200181Ia 4500
999 _c22534
_d22534
003 OSt
005 20200320093417.0
008 190216s9999||||xx |||||||||||||| ||und||
020 _a8172043287
040 _coclc
082 _a297
_bQUT/I
100 _aQuthub, Sayyid
_91983
245 0 _aIslamile Samoohia Neethi /
_cSayyid Quthub
260 _bIslamic Publishing House,
_c1997.
_aKozhikode:
300 _a247 p
650 _aIslamic Culture
942 _cBK
_2ddc
_h297
_iQUT/I
_k297
_mQUT/I